Impact of increased PV pentration on low voltage CIGRE network mitigation techniques and worst day estimation algorithm / (Record no. 601787)
[ view plain ]
| 000 -LEADER | |
|---|---|
| fixed length control field | 00547nam a2200157Ia 4500 |
| 008 - FIXED-LENGTH DATA ELEMENTS--GENERAL INFORMATION | |
| fixed length control field | 230907s9999||||xx |||||||||||||| ||und|| |
| 082 ## - DEWEY DECIMAL CLASSIFICATION NUMBER | |
| Classification number | 621.4 |
| Author Mark | MUS |
| 100 ## - MAIN ENTRY--PERSONAL NAME | |
| Personal name | Musharraf Wajahat (00000117514) |
| 9 (RLIN) | 116393 |
| 245 #0 - TITLE STATEMENT | |
| Title | Impact of increased PV pentration on low voltage CIGRE network mitigation techniques and worst day estimation algorithm / |
| 260 ## - PUBLICATION, DISTRIBUTION, ETC. | |
| Place of publication, distribution, etc. | USPCAS-E, NUST, |
| Name of publisher, distributor, etc. | Islamabad : |
| Date of publication, distribution, etc. | 2018 |
| 300 ## - PHYSICAL DESCRIPTION | |
| Extent | xiv, 164p.: |
| 520 ## - SUMMARY, ETC. | |
| Summary, etc. | TH-108 |
| 650 ## - SUBJECT ADDED ENTRY--TOPICAL TERM | |
| Topical term or geographic name entry element | MS-ESE Thesis MS Thesis |
| 700 ## - ADDED ENTRY--PERSONAL NAME | |
| Personal name | Dr Hassan Abdullah Khalid |
| 9 (RLIN) | 28912 |
| 942 ## - ADDED ENTRY ELEMENTS (KOHA) | |
| Koha item type | Thesis |
| Source of classification or shelving scheme | |
| Withdrawn status | Lost status | Source of classification or shelving scheme | Damaged status | Not for loan | Permanent Location | Current Location | Date acquired | Full call number | Barcode | Date last seen | Price effective from | Koha item type |
|---|---|---|---|---|---|---|---|---|---|---|---|---|
| US-Pakistan Center for Advanced Studies in Energy (USPCAS-E) | US-Pakistan Center for Advanced Studies in Energy (USPCAS-E) | 07/29/2019 | 621.4 MUS | CAS-ETH0000108 | 09/12/2023 | 09/12/2023 | Thesis |
